InPaC-S: Participartory knowledge integration on indicators of soil quality (Record no. 18105)
[ view plain ]
| 000 -LEADER | |
|---|---|
| fixed length control field | 00640nam a22001697a 4500 |
| 008 - FIXED-LENGTH DATA ELEMENTS--GENERAL INFORMATION | |
| fixed length control field | 191204b xxu||||| |||| 00| 0 eng d |
| 020 ## - INTERNATIONAL STANDARD BOOK NUMBER | |
| International Standard Book Number | 9290593294 |
| 040 ## - CATALOGING SOURCE | |
| Original cataloging agency | KABU |
| Transcribing agency | KABU |
| 050 ## - LIBRARY OF CONGRESS CALL NUMBER | |
| Classification number | S599.5 |
| Item number | .B37 2012 c. 1 |
| 100 ## - MAIN ENTRY--PERSONAL NAME | |
| Personal name | Barrios, Edmundo |
| 245 ## - TITLE STATEMENT | |
| Title | InPaC-S: Participartory knowledge integration on indicators of soil quality |
| Remainder of title | methodological guide |
| Statement of responsibility, etc. | Edmundo Barrios, Heitor L.C. Coutinho and Carlos A.B. Medeiros |
| 260 ## - PUBLICATION, DISTRIBUTION, ETC. (IMPRINT) | |
| Place of publication, distribution, etc. | Nairobi, Kenya |
| Name of publisher, distributor, etc. | World Agroforestry Centre (ICRAF) |
| Date of publication, distribution, etc. | 2012 |
| 300 ## - PHYSICAL DESCRIPTION | |
| Extent | 1 vol. (various paging) |
| 700 ## - ADDED ENTRY--PERSONAL NAME | |
| Personal name | Coutinho, Heitor L.C. |
| 700 ## - ADDED ENTRY--PERSONAL NAME | |
| Personal name | Medeiros, Carlos A.B. |
| 942 ## - ADDED ENTRY ELEMENTS (KOHA) | |
| Source of classification or shelving scheme | Library of Congress Classification |
| Koha item type | General Collection |
| Classification part | S599.5 |
| Withdrawn status | Lost status | Source of classification or shelving scheme | Not for loan | Home library | Current library | Date acquired | Total Checkouts | Full call number | Barcode | Date last seen | Copy number | Price effective from | Koha item type |
|---|---|---|---|---|---|---|---|---|---|---|---|---|---|
| Library of Congress Classification | Kabarak, Main Campus | Kabarak, Main Campus | 04/12/2019 | S599.5 .B37 2012 c. 1 | 023068 | 04/12/2019 | c. 1 | 04/12/2019 | General Collection |